The impact of the social sciences how academics and their research make a difference

Salvato in:
Dettagli Bibliografici
Autore principale: BASTOW, Simon
Natura: Libro
Lingua:inglese
Pubblicazione: SAGE 2014.
Tags: Aggiungi Tag
Nessun Tag, puoi essere il primo ad aggiungerne!!

MARC

LEADER 00000nam a22000007a 4500
008 210412b ||||| |||| 00| 0 eng d
020 |a 978-1-4462-7510-8 
100 |a BASTOW, Simon. 
245 |a The impact of the social sciences  |b how academics and their research make a difference  |c Simon Bastow, Patrick Dunleavy, Jane Tinkler.  |g xii, 320p; ill 
260 |b SAGE  |c 2014.   |h Los Angeles  |i 692619   |i 692620  |l H62 .B29   |m Social sciences – Research. 
500 |a “It includes references and index” 
942 |a lcc  |c BK  |e YUNUSA, A.A.  |f 12/4/21 
952 |0 0  |1 0  |2 lcc  |4 0  |6 H0062 B29  |7 0  |9 2104  |a HOL  |b SSL  |c GJ  |d 2021-04-12  |l 0  |o H62 .B29  |p 2021-5960  |r 2021-04-12 00:00:00  |w 2021-04-12  |y BK 
952 |0 0  |1 0  |2 lcc  |4 0  |6 H0062 B29  |7 0  |9 2105  |a HOL  |b HOL  |c GJ  |d 2021-04-12  |l 0  |o H62 .B29  |p 2021-5961  |r 2021-04-12 00:00:00  |w 2021-04-12  |y BK 
999 |c 1092  |d 1092